[Event "Titled Tuesday intern op 03rd Nov"]
[Site "Chess.com INT"]
[Date "2020.11.03"]
[Round "3"]
[White "Buscar, Michael"]
[Black "Tanriverdi, Enes"]
[Result "0-1"]
[WhiteElo "2088"]
[BlackElo "2399"]
[PlyCount "44"]
[EventDate "2020.11.03"]
[EventType "swiss (blitz)"]
[EventRounds "11"]
[EventCountry "USA"]
[SourceTitle "CBM 199 Extra"]
[Source "ChessBase"]
[SourceDate "2021.01.31"]
[SourceVersion "1"]
[SourceVersionDate "2021.01.31"]
[SourceQuality "1"]

1. Nf3 Nf6 2. g3 d5 3. Bg2 c5 4. 0-0 Nc6 5. c4 d4 6. e3 e5 7. exd4 exd4 8. Re1+ Be7 9. d3 0-0 10. a3 Bf5 11. Nh4 Bg4 12. Qc2 Qd7 13. Nd2 Rae8 14. Nf1 h6 15. Bd2 g5 16. Nf3 Qf5 17. Rxe7 Rxe7 18. Ne1 Rfe8 19. b4 Ne5 20. bxc5 Nf3+ 21. Nxf3 Bxf3 22. c6 bxc6 0-1